The truth that leads to eternal life. (Record no. 31323)

000 -LEADER
fixed length control field 00810cam a22002411 4500
001 - CONTROL NUMBER
control field 4538326
005 - DATE AND TIME OF LATEST TRANSACTION
control field 20220302100655.0
008 - FIXED-LENGTH DATA ELEMENTS--GENERAL INFORMATION
fixed length control field 700729s1968 nyua 000 0 eng
010 ## - LIBRARY OF CONGRESS CONTROL NUMBER
LC control number 68005502
040 ## - CATALOGING SOURCE
Original cataloging agency DLC
Transcribing agency DLC
Modifying agency DLC
050 00 - LIBRARY OF CONGRESS CALL NUMBER
Classification number BX 8526
Item number .W38 1968
082 00 - DEWEY DECIMAL CLASSIFICATION NUMBER
Classification number 289.9
110 2# - MAIN ENTRY--CORPORATE NAME
Corporate name or jurisdiction name as entry element Watch Tower Bible and Tract Society of Pennsylvania.
245 14 - TITLE STATEMENT
Title The truth that leads to eternal life.
250 ## - EDITION STATEMENT
Edition statement 1st ed.
260 ## - PUBLICATION, DISTRIBUTION, ETC. (IMPRINT)
Place of publication, distribution, etc. Brooklyn,
Name of publisher, distributor, etc. Watchtower Bible and Tract Society of New York,
Date of publication, distribution, etc. 1968]
300 ## - PHYSICAL DESCRIPTION
Extent 190 p.
Other physical details ill.
Dimensions 17 cm.
500 ## - GENERAL NOTE
General note On spine: Truth.
650 #0 - SUBJECT ADDED ENTRY--TOPICAL TERM
Topical term or geographic name as entry element Jehovah's Witnesses
General subdivision Doctrines.
710 2# - ADDED ENTRY--CORPORATE NAME
Corporate name or jurisdiction name as entry element Watchtower Bible and Tract Society of New York.
906 ## - LOCAL DATA ELEMENT F, LDF (RLIN)
a 7
b cbc
c orignew
d u
e ncip
f 19
g y-gencatlg
942 ## - ADDED ENTRY ELEMENTS (KOHA)
Source of classification or shelving scheme
Classification part BX 8526 .W38 1968
Koha item type Reference Material
Holdings
Withdrawn status Lost status Source of classification or shelving scheme Damaged status Not for loan Home library Current library Shelving location Date acquired Source of acquisition Cost, normal purchase price Total Checkouts Full call number Barcode Date last seen Price effective from Koha item type
          MACHAKOS UNIVERSITY LIBRARY MACHAKOS UNIVERSITY LIBRARY Reference 02/03/2022 Donation- Damaris Kimanzi 3155.00   BX 8526 .W38 1968 23710 02/03/2022 02/03/2022 Reference Material
© Machakos University Library, Along The Highway, Machakos Wote Rd, Machakos, Kenya P.O. Box 136 - 90100 Machakos - Kenya

Tel: ( +254 ) 723 805829 OR Fax : 044-20353 OR Email: library@mksu.ac.ke